Statistisches Jahrbuch Nordrhein-Westfalen 1994 36. Jahrgang

Guardado en:
Detalles Bibliográficos
Formato: Libro
Lenguaje:alemán
Publicado: Düsseldorf Landesamt für Datenverarbeitung und Statistik Nordrhein-Westfalen 1994
Etiquetas: Agregar Etiqueta
Sin Etiquetas, Sea el primero en etiquetar este registro!

MARC

LEADER 00000nam a2200000 4500
001 c010469
005 20250728075048.5
041 0 |a ger 
044 |a DE 
245 1 0 |a Statistisches Jahrbuch Nordrhein-Westfalen 1994  |b 36. Jahrgang 
264 1 |a Düsseldorf  |b Landesamt für Datenverarbeitung und Statistik Nordrhein-Westfalen  |c 1994 
300 |a 800 s.